000 00811nam a2200205 a 4500
005 20220621063709.0
008 030310s1999 mx r 000 0 spa d
020 _a9561503476
035 _aUPN01000122703
049 _aCG
050 4 _aLB1727 A4.4
_bT7.2
245 0 0 _aTransformar la formación docente inicial :
_bpropuesta en didáctica de lengua materna /
_ccoord. Josette Jolibert.
260 _aSantiago :
_bAula XXI :
_bSantillana,
_c1999.
300 _a259 p.
500 _aEn la portada: Redes Nacionales para la Transformación de la Formación Docente Inicial en los Países de América Latina y el Caribe.
650 4 _aMAESTROS EN SERVICIO, FORMACION DE -
_zAMERICA LATINA
_9872
650 4 _aEspañol
_xPlanes y programas
_917041
700 1 _aJolibert, Josette,
_ecoord.
_928799
905 _aLibro
999 _c94886
_d94886